| 000 | 00822nam a2200205 a 4500 | ||
|---|---|---|---|
| 003 | 0 | ||
| 005 | 20250619095352.0 | ||
| 008 | 021121s19uu xx 00 eng d | ||
| 050 |
_aPGS LB 1025.3 _b.C758 2000 |
||
| 100 | _aConstantino, Monika B. | ||
| 245 |
_aPerceptions on the awareness of the 5S campaign among grades 4-6 students of Southville International School / _cMonika B. Constantino. |
||
| 260 |
_aLas PiƱas City, Philippines : _bSouthville International School and Colleges, _c2000. |
||
| 300 |
_a26 pages : _bcolored illustrations ; _c28 cm. |
||
| 504 | _aIncludes bibliographical references. | ||
| 650 | _aTotal quality management in education. | ||
| 650 | _a5S campaign (School environment). | ||
| 650 | _aSchool environment. | ||
| 650 |
_aElementary school students _vAttitudes. |
||
| 942 |
_2lcc _cPASS |
||
| 999 |
_c96319 _d96319 |
||